00705nam a2200205 450000500170000001000150001702000260003203500140005803700090007208200080008110000360008924500450012525000100017026000360018027000980021630000180031494200220033299900190035495201260037320241029133705.0 aENG-142527 c100.00a9788187745303 aEN-126059 bDBAD a881 aVinjamuri, Surya Prakash973624 aThey Are There/cSurya Prakash Vinjamuri aFirst aHyderabadbYugadi Publishersc  a304, Sridurga Rajeev Residency vijayapuri, Tarnaka bHyderabade500017myugadipubli@gmail.com a95p.c22m(pb) 2ddccENh881mVIN c206852d206852 001040708NFICaBNbBNd2024-10-29eDBADg100.00l0o881 VINpEN-126059r2024-10-29 00:00:00t1v100.00w2024-10-29yEN